US Free Trade Agreement Countries - Statistics

General Stats
  • This quiz has been taken 45 times
  • The average score is 12 of 20
Answer Stats
Country % Correct
Mexico
100%
Canada
97%
Australia
83%
Columbia
80%
Panama
80%
Chile
73%
Costa Rica
73%
Honduras
73%
Guatemala
70%
Nicaragua
70%
El Salvador
67%
Peru
67%
Dominican Republic
60%
Israel
60%
South Korea
60%
Singapore
40%
Jordan
23%
Bahrain
20%
Morocco
20%
Oman
17%
No matching quizzes found
Score Distribution
Percent of People with Each Score
Percentile by Number Answered
Your Score History
You have not taken this quiz